<?xml version="1.0" encoding="UTF-8"?>
<record
    xmlns:xsi="http://www.w3.org/2001/XMLSchema-instance"
    xsi:schemaLocation="http://www.loc.gov/MARC21/slim http://www.loc.gov/standards/marcxml/schema/MARC21slim.xsd"
    xmlns="http://www.loc.gov/MARC21/slim">

  <leader>02275nam a22002177a 4500</leader>
  <controlfield tag="005">20250616113540.0</controlfield>
  <controlfield tag="008">250614b        |||||||| |||| 00| 0 eng d</controlfield>
  <datafield tag="020" ind1=" " ind2=" ">
    <subfield code="a">9788197923074</subfield>
  </datafield>
  <datafield tag="040" ind1=" " ind2=" ">
    <subfield code="c">AL</subfield>
  </datafield>
  <datafield tag="041" ind1=" " ind2=" ">
    <subfield code="a">Kannada</subfield>
  </datafield>
  <datafield tag="082" ind1=" " ind2=" ">
    <subfield code="2">23</subfield>
    <subfield code="a">574.5K</subfield>
    <subfield code="b">ANIJ</subfield>
  </datafield>
  <datafield tag="100" ind1=" " ind2=" ">
    <subfield code="a">Anitha T &#xC85;&#xCA8;&#xCBF;&#xCA4; &#xC9F;&#xCBF; </subfield>
    <subfield code="9">215106</subfield>
  </datafield>
  <datafield tag="245" ind1=" " ind2=" ">
    <subfield code="a">Jivajala</subfield>
    <subfield code="b">&#xC9C;&#xCC0;&#xCB5;&#xC9C;&#xCB2; </subfield>
  </datafield>
  <datafield tag="260" ind1=" " ind2=" ">
    <subfield code="a">Mysore</subfield>
    <subfield code="b">Anu prakashana</subfield>
    <subfield code="c">2024</subfield>
  </datafield>
  <datafield tag="300" ind1=" " ind2=" ">
    <subfield code="a">xii,120 p.</subfield>
    <subfield code="b">PB</subfield>
    <subfield code="c">22x14 cm.</subfield>
  </datafield>
  <datafield tag="365" ind1=" " ind2=" ">
    <subfield code="c">&#x20B9;</subfield>
    <subfield code="d">&#x20B9;150.00</subfield>
  </datafield>
  <datafield tag="520" ind1=" " ind2=" ">
    <subfield code="a">&#xCAA;&#xCB0;&#xCBF;&#xCB5;&#xCBF;&#xCA1;&#xCBF; : 
1) &#xCAA;&#xCCD;&#xCB0;&#xCB5;&#xCBE;&#xCB8;&#xCCB;&#xCA6;&#xCCD;&#xCAF;&#xCAE; &#xCAE;&#xCA4;&#xCCD;&#xCA4;&#xCC1; &#xCB8;&#xCBE;&#xC82;&#xCB8;&#xCCD;&#xC95;&#xCC3;&#xCA4;&#xCBF;&#xC95; &#xC95;&#xCC7;&#xC82;&#xCA6;&#xCCD;&#xCB0;&#xCB5;&#xCBE;&#xC97;&#xCBF; &#xC85;&#xCAE;&#xCBE;&#xCA8;&#xCBF;&#xC95;&#xCC6;&#xCB0;&#xCC6; 2) &#xC9C;&#xCA8;&#xCAA;&#xCA6; &#xC90;&#xCA4;&#xCBF;&#xCB9;&#xCCD;&#xCAF;&#xCA6; &#xCB9;&#xCBF;&#xCA8;&#xCCD;&#xCA8;&#xCB2;&#xCC6;&#xCAF;&#xCB2;&#xCCD;&#xCB2;&#xCBF; &#xC95;&#xCC6;&#xCB0;&#xCC6;&#xC97;&#xCC6; &#xCB9;&#xCBE;&#xCB0;&#xCB5;&#xCBE;&#xCA6; &#xCAC;&#xCBF;&#xCB7;&#xCCD;&#xC9F;&#xCAE;&#xCCD;&#xCAE;
3) &#xC95;&#xCC6;&#xCB0;&#xCC6;&#xCAF; &#xCA8;&#xCBF;&#xCB0;&#xCCD;&#xCAE;&#xCBE;&#xCA3;&#xCA6; &#xC86;&#xC9A;&#xCB0;&#xCA3;&#xCC6;&#xC97;&#xCB3;&#xCC1; 4) &#xC9C;&#xCA8;&#xCAA;&#xCA6; &#xC95;&#xCBE;&#xCB5;&#xCCD;&#xCAF;&#xC97;&#xCB3;&#xCB2;&#xCCD;&#xCB2;&#xCBF; &#xC95;&#xCC6;&#xCB0;&#xCC6;&#xC97;&#xCC6; &#xCAC;&#xCB2;&#xCBF; : &#xC92;&#xC82;&#xCA6;&#xCC1; &#xC85;&#xCB5;&#xCB2;&#xCCB;&#xC95;&#xCA8; 5) &#xC95;&#xCCA;&#xCB2;&#xCCD;&#xCB2;&#xCAC;&#xCC7;&#xCA1;&#xCBF; &#xC95;&#xCC6;&#xCB0;&#xCC6;&#xC97;&#xCB3;&#xCA8;&#xCCD;&#xCA8;&#xCC1; : &#xC89;&#xCB3;&#xCBF;&#xCB8;&#xCBF; &#xC9C;&#xCC0;&#xCB5;&#xCB0;&#xCBE;&#xCB6;&#xCBF;&#xCAF; &#xC9C;&#xCC0;&#xCB5;&#xCA8;&#xCBE;&#xCA1;&#xCBF;&#xC97;&#xCB3;&#xCA8;&#xCCD;&#xCA8;&#xCC1; 6) &#xC97;&#xCCD;&#xCB0;&#xCBE;&#xCAE;&#xCC0;&#xCA3;&#xCBE;&#xCAD;&#xCBF;&#xCB5;&#xCC3;&#xCA6;&#xCCD;&#xCA7;&#xCBF;&#xCAF;&#xCB2;&#xCCD;&#xCB2;&#xCBF; &#xC9C;&#xCC0;&#xCB5;&#xCA8;&#xCBE;&#xCA1;&#xCBF; &#xC95;&#xCC6;&#xCB0;&#xCC6;&#xC97;&#xCB3;&#xCC1; &#xC85;&#xC82;&#xCA6;&#xCC1; &#xC87;&#xC82;&#xCA6;&#xCC1; : &#xC92;&#xC82;&#xCA6;&#xCC1; &#xC85;&#xCB5;&#xCB2;&#xCCB;&#xC95;&#xCA8;
7) &#xC95;&#xCC6;&#xCB0;&#xCC6;&#xCAF; &#xCA8;&#xCBF;&#xCB0;&#xCCD;&#xCAE;&#xCBE;&#xCA3;&#xCA6;&#xCB2;&#xCCD;&#xCB2;&#xCBF; &#xCAC;&#xCB2;&#xCBF; : &#xC92;&#xC82;&#xCA6;&#xCC1; &#xC9A;&#xCBE;&#xCB0;&#xCBF;&#xCA4;&#xCCD;&#xCB0;&#xCBF;&#xC95; &#xC85;&#xCA7;&#xCCD;&#xCAF;&#xCAF;&#xCA8; 8) &#xC9C;&#xCBE;&#xCA8;&#xCAA;&#xCA6; &#xCB9;&#xCBF;&#xCA8;&#xCCD;&#xCA8;&#xCB2;&#xCC6;&#xCAF;&#xCA8;&#xCCD;&#xCA8;&#xCC1; &#xC92;&#xCB3;&#xC97;&#xCCA;&#xC82;&#xCA1;&#xC82;&#xCA4;&#xCC6; &#xCAA;&#xCBE;&#xCB3;&#xCC6;&#xCAF;&#xC97;&#xCBE;&#xCB0;&#xCB0; &#xC95;&#xCBE;&#xCB2;&#xCA6; &#xC95;&#xCC6;&#xCB0;&#xCC6;&#xC97;&#xCB3;&#xCC1; ; &#xC92;&#xC82;&#xCA6;&#xCC1; &#xC85;&#xCA7;&#xCCD;&#xCAF;&#xCAF;&#xCA8; 9) &#xCAE;&#xCC2;&#xC95;&#xCB0;&#xCCB;&#xCA7;&#xCA8;&#xCC6; &#xC85;&#xCA8;&#xCC1;&#xCAD;&#xCB5;&#xCBF;&#xCB8;&#xCC1;&#xCA4;&#xCCD;&#xCA4;&#xCBF;&#xCB0;&#xCC1;&#xCB5; &#xC9C;&#xCC0;&#xCB5;&#xCA8;&#xCBE;&#xCA1;&#xCBF; &#xC95;&#xCC6;&#xCB0;&#xCC6;&#xC97;&#xCB3;&#xCC1; 10) &#xCA8;&#xCBE;&#xCA1;&#xC97;&#xCCC;&#xCA1; &#xC95;&#xCC6;&#xC82;&#xCAA;&#xCC7;&#xC97;&#xCCC;&#xCA1;&#xCB0;&#xCC1; &#xC95;&#xC9F;&#xCCD;&#xC9F;&#xCBF;&#xCA6; &#xCAC;&#xCC6;&#xC82;&#xC97;&#xCB3;&#xCC2;&#xCB0;&#xCBF;&#xCA8; &#xC95;&#xCC6;&#xCB0;&#xCC6;&#xC97;&#xCB3;&#xCBF;&#xC97;&#xCC6; &#xC92;&#xCA6;&#xC97;&#xCBF; &#xCAC;&#xC82;&#xCA6;&#xCBF;&#xCB0;&#xCC1;&#xCB5; &#xCA6;&#xCC1;&#xCB8;&#xCCD;&#xCA5;&#xCBF;&#xCA4;&#xCBF; 11) &#xC85;&#xCA3;&#xC9C;&#xCBF; &#xCB9;&#xCCA;&#xCA8;&#xCCD;&#xCA8;&#xCAE;&#xCCD;&#xCAE;&#xCA8; &#xC95;&#xCC6;&#xCB0;&#xCC6; 12) &#xCAA;&#xCCD;&#xCB0;&#xCB5;&#xCBE;&#xCB8;&#xCBF; &#xCA4;&#xCBE;&#xCA3; &#xCB9;&#xCBE;&#xC97;&#xCC2; &#xCA7;&#xCBE;&#xCB0;&#xCCD;&#xCAE;&#xCBF;&#xC95; &#xC95;&#xCCD;&#xCB7;&#xCC7;&#xCA4;&#xCCD;&#xCB0;&#xCB5;&#xCBE;&#xC97;&#xCBF;-&#xCA4;&#xCCA;&#xCA3;&#xCCD;&#xCA3;&#xCC2;&#xCB0;&#xCC1; &#xC95;&#xCC6;&#xCB0;&#xCC6;, &#xC86;&#xC95;&#xCB0; &#xC97;&#xCCD;&#xCB0;&#xC82;&#xCA5;&#xC97;&#xCB3;&#xCC1;
</subfield>
  </datafield>
  <datafield tag="650" ind1=" " ind2=" ">
    <subfield code="a">Environment &#xCAA;&#xCCD;&#xCB0;&#xC95;&#xCC3;&#xCA4;&#xCBF;</subfield>
    <subfield code="9">215036</subfield>
  </datafield>
  <datafield tag="650" ind1=" " ind2=" ">
    <subfield code="a">Keregalu &#xC95;&#xCC6;&#xCB0;&#xCC6;&#xC97;&#xCB3;&#xCC1;</subfield>
    <subfield code="9">215037</subfield>
  </datafield>
  <datafield tag="942" ind1=" " ind2=" ">
    <subfield code="2">ddc</subfield>
    <subfield code="c">DB</subfield>
  </datafield>
  <datafield tag="999" ind1=" " ind2=" ">
    <subfield code="c">234452</subfield>
    <subfield code="d">234452</subfield>
  </datafield>
  <datafield tag="952" ind1=" " ind2=" ">
    <subfield code="0">0</subfield>
    <subfield code="1">0</subfield>
    <subfield code="2">ddc</subfield>
    <subfield code="4">0</subfield>
    <subfield code="7">0</subfield>
    <subfield code="8">BOT</subfield>
    <subfield code="a">AL</subfield>
    <subfield code="b">AL</subfield>
    <subfield code="d">2025-05-20</subfield>
    <subfield code="g">150.00</subfield>
    <subfield code="l">1</subfield>
    <subfield code="o">574.5K ANIJ</subfield>
    <subfield code="p">D06290</subfield>
    <subfield code="r">2026-03-31 15:47:12</subfield>
    <subfield code="s">2026-03-31</subfield>
    <subfield code="v">150.00</subfield>
    <subfield code="w">2025-06-14</subfield>
    <subfield code="y">DB</subfield>
  </datafield>
</record>
